Movies Quiz

Random Movies or Actor Quiz

Christopher Lee Movies Quiz Stats

Quiz not verified by Sporcle

Challenge
Share
Tweet
Score 0/25 Timer 08:00
0 Plays Today
% Correct
Dracula
97.4%
The Man with the Golden Gun
87%
Star Wars Episode III: Revenge of the Sith
81.8%
The Lord of the Rings: The Fellowship of the Ring
78.6%
The Curse of Frankenstein
74.7%
The Wicker Man
60.4%
Charlie and the Chocolate Factory
53.2%
Corpse Bride
50%
The Three Musketeers
46.1%
The Face of Fu Manchu
43.5%
Hugo
42.2%
The Mummy
40.9%
Sleepy Hollow
38.3%
% Correct
Gremlins 2: The New Batch
36.4%
The Hound of the Baskervilles
21.4%
I, Monster
14.3%
Jinnah
13.6%
Dr. Terror's House of Horrors
13.6%
Police Academy: Mission to Moscow
13.6%
The Two Faces of Dr. Jekyll
9.7%
The Devil Rides Out
9.1%
Horror Express
8.4%
A Tale of Two Cities
7.1%
The Gorgon
6.5%
The Devil-Ship Pirates
5.8%

You're not logged in!

Compare scores with friends on all Sporcle quizzes.
Sign Up with Email
OR
Log In

You Might Also Like...

Show Comments

Extras

Top Quizzes Today


Score Distribution

Your Account Isn't Verified!

In order to create a playlist on Sporcle, you need to verify the email address you used during registration. Go to your Sporcle Settings to finish the process.

Report this User

Report this user for behavior that violates our Community Guidelines.

Details: